[Event "CRO-chT2 (Women)"]
[Site "Strizivojna"]
[Date "2021.11.21"]
[Round "3.3"]
[White "Juric, Matea"]
[Black "Smetisko, Renata"]
[Result "1-0"]
[WhiteElo "1515"]
[BlackElo "1273"]
[PlyCount "75"]
[EventDate "2021.11.20"]
[EventType "team-tourn"]
[EventRounds "3"]
[EventCountry "CRO"]
[SourceTitle "EXT 2023"]
[Source "ChessBase"]
[SourceDate "2022.10.05"]
[SourceVersion "1"]
[SourceVersionDate "2022.10.05"]
[SourceQuality "1"]
[WhiteTeam "Strizivojna Amater (W)"]
[BlackTeam "Zagreb Ericsson Tesla (W)"]
[WhiteTeamCountry "CRO"]
[BlackTeamCountry "CRO"]

1. e4 e5 2. Nf3 Nc6 3. Bc4 Nf6 4. Nc3 d6 5. h3 Be6 6. Bb3 d5 7. exd5 Nxd5 8. Nxd5 Bxd5 9. d3 Bc5 10. Qe2 0-0 11. 0-0 Bxf3 12. Qxf3 Nd4 13. Qe4 Qf6 14. Be3 Rad8 15. c3 Ne6 16. Bc2 b6 17. d4 g6 18. dxc5 Nxc5 19. Bxc5 bxc5 20. Rad1 Rd6 21. Rd3 Rb8 22. b3 Qg5 23. Rfd1 Rbd8 24. Rxd6 Rxd6 25. Rxd6 cxd6 26. h4 Qd2 27. c4 a5 28. h5 d5 29. cxd5 f5 30. Qd3 Qc1+ 31. Qd1 Qg5 32. d6 Kf7 33. d7 Qd8 34. Qd6 e4 35. Bd1 e3 36. Be2 a4 37. h6 g5 38. Bc4# 1-0

[Event "CRO-ch U19"]
[Site "Vinkovci"]
[Date "2020.08.04"]
[Round "9"]
[White "Muha, Magdalena"]
[Black "Juric, Matea"]
[Result "1-0"]
[WhiteElo "1720"]
[BlackElo "1559"]
[PlyCount "55"]
[EventDate "2020.07.28"]
[EventType "swiss"]
[EventRounds "9"]
[EventCountry "CRO"]
[SourceTitle "EXT 2021"]
[Source "ChessBase"]
[SourceDate "2020.10.23"]
[SourceVersion "1"]
[SourceVersionDate "2020.10.23"]
[SourceQuality "1"]

1. d4 d5 2. c4 c6 3. Nf3 Nf6 4. Nc3 e6 5. e3 Be7 6. Bd3 0-0 7. 0-0 c5 8. cxd5 exd5 9. dxc5 Bxc5 10. h3 Nc6 11. a3 d4 12. Na4 Bb6 13. Nxb6 Qxb6 14. b4 dxe3 15. Bxe3 Qd8 16. Qc2 Be6 17. Rfd1 Qc8 18. Rac1 a6 19. Qb2 Bf5 20. Be2 Rd8 21. Bd4 Re8 22. Bc4 Be6 23. Bxf6 Bxc4 24. Rxc4 gxf6 25. Qxf6 Re6 26. Rg4+ Kf8 27. Qg7+ Ke7 28. Nh4 1-0

[Event "CRO-ch U19"]
[Site "Vinkovci"]
[Date "2020.07.29"]
[Round "3"]
[White "Smetisko, Marija"]
[Black "Juric, Matea"]
[Result "1-0"]
[WhiteElo "1917"]
[BlackElo "1559"]
[PlyCount "63"]
[EventDate "2020.07.28"]
[EventType "swiss"]
[EventRounds "9"]
[EventCountry "CRO"]
[SourceTitle "EXT 2021"]
[Source "ChessBase"]
[SourceDate "2020.10.23"]
[SourceVersion "1"]
[SourceVersionDate "2020.10.23"]
[SourceQuality "1"]

1. e4 e5 2. Nf3 Nc6 3. Be2 Nf6 4. Nc3 d5 5. exd5 Nxd5 6. Nxd5 Qxd5 7. 0-0 Bc5 8. Re1 0-0 9. Bd3 f5 10. b3 Kh8 11. Bb2 Bd4 12. Bxd4 exd4 13. Nh4 Qf7 14. Qf3 Be6 15. Qf4 Rac8 16. Nf3 Qf6 17. Ng5 Bg8 18. a3 h6 19. Nf3 a6 20. Re2 Qf7 21. Ne5 Nxe5 22. Rxe5 Rfe8 23. Qxd4 Rxe5 24. Qxe5 Bh7 25. Re1 Bg6 26. Bc4 Qf8 27. Qe6 Bh7 28. Re5 Bg8 29. Qxg8+ Qxg8 30. Bxg8 Kxg8 31. Rxf5 Re8 32. Kf1 1-0

[Event "Valpovo op (Women) 22nd"]
[Site "Valpovo"]
[Date "2019.12.13"]
[Round "2.6"]
[White "Vidovic, Petra"]
[Black "Juric, Matea"]
[Result "1-0"]
[WhiteElo "1518"]
[BlackElo "1567"]
[PlyCount "77"]
[EventDate "2019.12.13"]
[EventType "swiss (rapid)"]
[EventRounds "7"]
[EventCountry "CRO"]
[SourceTitle "EXT 2023"]
[Source "ChessBase"]
[SourceDate "2022.10.05"]
[SourceVersion "1"]
[SourceVersionDate "2022.10.05"]
[SourceQuality "1"]

1. e4 e5 2. Nf3 Nc6 3. d4 exd4 4. Nxd4 Nxd4 5. Qxd4 d6 6. Nc3 Nf6 7. f3 Bd7 8. Be3 c5 9. Qd2 Qc7 10. 0-0-0 0-0-0 11. Bg5 h5 12. Bxf6 gxf6 13. Nd5 Qb8 14. Nxf6 Be6 15. Kb1 Qc7 16. Nd5 Qd7 17. Qa5 Bxd5 18. Rxd5 a6 19. Bc4 Be7 20. Rhd1 Qc7 21. Qa3 f6 22. g3 Kb8 23. Be2 Ka7 24. h4 Qc8 25. f4 Qc6 26. Bxh5 Qc8 27. Bf3 Qe6 28. Qd3 Rhg8 29. f5 Qf7 30. g4 Qe8 31. Qb3 Rd7 32. a3 Qc8 33. Qc4 b5 34. Qd3 Qc7 35. e5 fxe5 36. Rxe5 Bxh4 37. Qd5 Rf8 38. Re6 Be7 39. Rg1 1-0

[Event "CRO-ch U17/U19"]
[Site "Vinkovci"]
[Date "2019.07.25"]
[Round "5"]
[White "Muha, Magdalena"]
[Black "Juric, Matea"]
[Result "1-0"]
[WhiteElo "1797"]
[BlackElo "1421"]
[PlyCount "135"]
[EventDate "2019.07.22"]
[EventType "swiss"]
[EventRounds "9"]
[EventCountry "CRO"]
[SourceTitle "EXT 2020"]
[Source "ChessBase"]
[SourceDate "2019.10.17"]
[SourceVersion "1"]
[SourceVersionDate "2019.10.17"]
[SourceQuality "1"]

1. d4 d5 2. c4 e6 3. Nc3 Nf6 4. cxd5 exd5 5. Bg5 Be7 6. e3 b6 7. Bd3 Bb7 8. Nf3 Nbd7 9. 0-0 0-0 10. Qe2 h6 11. Bh4 Ne4 12. Bxe7 Qxe7 13. Rac1 c6 14. Nd2 Ndf6 15. Ndxe4 dxe4 16. Bc4 Rac8 17. Rfd1 Rfd8 18. Rd2 Rd7 19. f3 exf3 20. gxf3 Nd5 21. Bxd5 cxd5 22. Kh1 Re8 23. Re1 Qf6 24. Qg2 Rde7 25. Nd1 Bc8 26. Rg1 Bf5 27. Qg3 Bg6 28. Rdg2 h5 29. h4 b5 30. Qh3 Qe6 31. Qxe6 Rxe6 32. Rg5 Rd8 33. Kh2 b4 34. Kh3 Rf6 35. Kg3 Rf5 36. Rxf5 Bxf5 37. Kf4 g6 38. Rg2 Rc8 39. e4 dxe4 40. fxe4 Bg4 41. Ne3 Bd7 42. Nd5 Kf8 43. Nxb4 a5 44. Nd3 Rc4 45. Ke3 Ke7 46. Ne5 Rb4 47. Rc2 Be8 48. Nd3 Rb6 49. Rc5 a4 50. d5 f6 51. Kf4 Kd6 52. Rc2 Bb5 53. Nb4 Be8 54. a3 Bd7 55. Rc3 Be8 56. Rc8 Bd7 57. Rg8 Ke7 58. Rxg6 Be8 59. Rh6 Kf8 60. Rh8+ Ke7 61. Rg8 Bd7 62. Rg2 Kd6 63. Rc2 Ke7 64. Nc6+ Kd6 65. Nd4 Ra6 66. Nf5+ Bxf5 67. Kxf5 Kd7 68. Rc6 1-0

[Event "Osijek op 12th"]
[Site "Osijek"]
[Date "2019.02.22"]
[Round "4.40"]
[White "Juric, Matea"]
[Black "Dankos, Mislav"]
[Result "1-0"]
[WhiteElo "1421"]
[BlackElo "1362"]
[PlyCount "63"]
[EventDate "2019.02.21"]
[EventType "swiss"]
[EventRounds "7"]
[EventCountry "CRO"]
[SourceTitle "EXT 2023"]
[Source "ChessBase"]
[SourceDate "2022.10.05"]
[SourceVersion "1"]
[SourceVersionDate "2022.10.05"]
[SourceQuality "1"]

1. e4 e5 2. Nf3 Nc6 3. Bc4 Bc5 4. h3 Nf6 5. d3 h6 6. Nc3 d6 7. Be3 Nd4 8. Bxd4 Bxd4 9. Nxd4 exd4 10. Ne2 c5 11. c3 dxc3 12. Nxc3 0-0 13. 0-0 Be6 14. Bb3 Qc7 15. f4 Qb6 16. Kh1 Rfe8 17. Ba4 Re7 18. Rb1 Qc7 19. Nb5 Qb6 20. Nxd6 Qxd6 21. e5 Qd4 22. exf6 Qxf6 23. Bb3 Bxb3 24. Qxb3 Re2 25. Rbe1 Rxb2 26. Qd5 Rd8 27. Qxc5 Rxd3 28. Rf2 Rdd2 29. Rxd2 Rxd2 30. Qc8+ Kh7 31. Qxb7 Rxa2 32. Qb1+ 1-0

[Event "Valpovo op (Women) 21st"]
[Site "Valpovo"]
[Date "2018.12.08"]
[Round "3.4"]
[White "Bevanda, Ema"]
[Black "Juric, Matea"]
[Result "1-0"]
[WhiteElo "1645"]
[BlackElo "1447"]
[PlyCount "79"]
[EventDate "2018.12.07"]
[EventType "swiss (rapid)"]
[EventRounds "7"]
[EventCountry "CRO"]
[SourceTitle "EXT 2023"]
[Source "ChessBase"]
[SourceDate "2022.10.05"]
[SourceVersion "1"]
[SourceVersionDate "2022.10.05"]
[SourceQuality "1"]

1. d4 d5 2. Bf4 Nf6 3. e3 e6 4. Nf3 a6 5. Bd3 Be7 6. h3 Nbd7 7. Nbd2 b6 8. 0-0 0-0 9. Re1 Re8 10. c3 Bf8 11. Qe2 Bb7 12. Rad1 b5 13. b3 c6 14. c4 bxc4 15. bxc4 c5 16. Rb1 Ra7 17. Rec1 Qe7 18. Nb3 Rc8 19. Bh2 Qd8 20. Rc2 g6 21. Rcb2 dxc4 22. Bxc4 Be4 23. Rc1 a5 24. Rd2 a4 25. Nxc5 Bxc5 26. dxc5 Rxc5 27. Ne5 Qc8 28. Rcd1 Kg7 29. Nxd7 Rxd7 30. Rxd7 Nxd7 31. Qb2+ Kg8 32. Bf1 Bd5 33. Qa3 Qc6 34. Qb4 Rc2 35. a3 Rc3 36. Bf4 Rb3 37. Qe7 Qc8 38. e4 Bc6 39. Rc1 Rb6 40. Bh6 1-0

[Event "Valpovo op (Women) 20th"]
[Site "Valpovo"]
[Date "2017.12.10"]
[Round "7.8"]
[White "Juric, Matea"]
[Black "Koksa, Jelena"]
[Result "0-1"]
[WhiteElo "1308"]
[BlackElo "1514"]
[PlyCount "98"]
[EventDate "2017.12.08"]
[EventType "swiss (rapid)"]
[EventRounds "7"]
[EventCountry "CRO"]
[SourceTitle "EXT 2023"]
[Source "ChessBase"]
[SourceDate "2022.10.05"]
[SourceVersion "1"]
[SourceVersionDate "2022.10.05"]
[SourceQuality "1"]

1. e4 e5 2. Nf3 Nc6 3. Bc4 Bc5 4. d3 Nf6 5. h3 d6 6. Nc3 h6 7. Bd2 Bb6 8. Na4 Qe7 9. Nxb6 axb6 10. Bb3 Be6 11. Be3 d5 12. exd5 Nxd5 13. Bxd5 Bxd5 14. b3 0-0 15. 0-0 Qf6 16. Nd2 Qg6 17. f3 Ne7 18. Qe2 Nf5 19. Bf2 Rfe8 20. Ne4 Bc6 21. c3 Rad8 22. Rad1 Bd7 23. Kh2 Nd6 24. Ng3 Nb5 25. Qd2 Bc6 26. Be1 Rd7 27. Qe2 f6 28. Ne4 Red8 29. Rd2 Bxe4 30. dxe4 Nd6 31. Bf2 Qf7 32. Rfd1 Nc8 33. Bg3 Qe7 34. Qe3 Rxd2 35. Rxd2 Nd6 36. Qe2 Kh7 37. Bf2 Nc8 38. Bg1 Rxd2 39. Qxd2 Nd6 40. Qd3 Qd7 41. c4 Qc6 42. Be3 Nc8 43. f4 Qd6 44. Qc2 Qe6 45. f5 Qc6 46. Qd3 Nd6 47. g4 Qxe4 48. Qd2 Qf3 49. b4 Ne4 0-1

[Event "CRO-ch U17 Girls"]
[Site "Vinkovci"]
[Date "2017.07.27"]
[Round "6"]
[White "Bevanda, Lorena"]
[Black "Juric, Matea"]
[Result "1-0"]
[WhiteElo "1377"]
[BlackElo "1308"]
[PlyCount "95"]
[EventDate "2017.07.24"]
[EventType "swiss"]
[EventRounds "9"]
[EventCountry "CRO"]
[SourceTitle "EXT 2018"]
[Source "ChessBase"]
[SourceDate "2017.10.13"]
[SourceVersion "1"]
[SourceVersionDate "2017.10.13"]
[SourceQuality "1"]

1. d4 d5 2. Nf3 Nf6 3. Bf4 Bf5 4. e3 a6 5. a3 h6 6. c4 e6 7. Qb3 Qc8 8. Nc3 c6 9. Rc1 dxc4 10. Bxc4 b5 11. Be2 Nh5 12. Be5 Nd7 13. 0-0 Be7 14. h3 Nhf6 15. Bh2 0-0 16. Rfd1 Qb7 17. Ne5 Bd6 18. Nxd7 Bxh2+ 19. Kxh2 Nxd7 20. Bf3 Rac8 21. e4 Bh7 22. d5 exd5 23. exd5 Nc5 24. Qa2 cxd5 25. Nxd5 Qb8+ 26. Kg1 Kh8 27. b4 Nd3 28. Rxc8 Rxc8 29. Ne7 Rf8 30. Nc6 Qc7 31. Qd5 Nf4 32. Qd4 Ne6 33. Qe3 Nf4 34. Rc1 Qd6 35. Ne5 Ne6 36. Rc6 Qb8 37. Nd7 Qd8 38. Nxf8 Qxf8 39. Rxa6 Qe7 40. Rb6 Qd7 41. Bg4 Bg8 42. Bxe6 fxe6 43. Qe5 Qd1+ 44. Kh2 Qc2 45. Rb8 Qxf2 46. Rxb5 Qa2 47. Qg3 Qc4 48. Rb7 1-0

[Event "CRO-ch U15 Girls"]
[Site "Trogir"]
[Date "2017.06.18"]
[Round "3"]
[White "Juric, Matea"]
[Black "Zuteg, Dorotea"]
[Result "0-1"]
[WhiteElo "1347"]
[BlackElo "1481"]
[PlyCount "44"]
[EventDate "2017.06.17"]
[EventType "swiss"]
[EventRounds "9"]
[EventCountry "CRO"]
[SourceTitle "CBM 179 Extra"]
[Source "ChessBase"]
[SourceDate "2017.08.23"]
[SourceVersion "1"]
[SourceVersionDate "2017.08.23"]
[SourceQuality "1"]

1. e4 c5 2. b3 e6 3. Bb2 Nc6 4. Nf3 a6 5. Be2 d6 6. h3 Nf6 7. e5 dxe5 8. Nxe5 Nxe5 9. Bxe5 Be7 10. 0-0 0-0 11. Bd3 b5 12. Qe2 Bb7 13. c4 b4 14. Bc2 Qd7 15. Rd1 Qc6 16. f3 Rfd8 17. d4 cxd4 18. Rxd4 Bc5 19. Kh1 Bxd4 20. Bxd4 Rxd4 21. Nd2 Qd6 22. Nf1 Rd8 0-1

[Event "Osijek op 10th"]
[Site "Osijek"]
[Date "2017.02.26"]
[Round "7"]
[White "Jakovljevic, Tadija"]
[Black "Juric, Matea"]
[Result "0-1"]
[WhiteElo "1643"]
[BlackElo "1312"]
[PlyCount "70"]
[EventDate "2017.02.23"]
[EventType "swiss"]
[EventRounds "7"]
[EventCountry "CRO"]
[SourceTitle "EXT 2019"]
[Source "ChessBase"]
[SourceDate "2018.10.10"]
[SourceVersion "1"]
[SourceVersionDate "2018.10.10"]
[SourceQuality "1"]

1. d4 d5 2. c4 e6 3. a3 c5 4. Nf3 Nc6 5. dxc5 Bxc5 6. e3 Nf6 7. b4 Be7 8. Bb2 a6 9. c5 b6 10. b5 axb5 11. Bxb5 Bd7 12. Bxc6 Bxc6 13. Ne5 Rc8 14. Nxc6 Rxc6 15. cxb6 Qxb6 16. Bd4 Qc7 17. 0-0 0-0 18. Nd2 Ra8 19. a4 Rc2 20. a5 Bb4 21. Bb6 Qc6 22. Nb3 Qc4 23. Nd4 Rd2 24. Qc1 Qd3 25. a6 Nd7 26. Ba5 Bxa5 27. Rxa5 h6 28. Qc6 Rd1 29. h3 Qxf1+ 30. Kh2 Qxf2 31. Rxd5 Rg1 32. Rxd7 Rxa6 33. Rd8+ Kh7 34. Qe4+ g6 35. Rd7 Raa1 0-1

[Event "Osijek op 10th"]
[Site "Osijek"]
[Date "2017.02.25"]
[Round "6"]
[White "Juric, Matea"]
[Black "Medved, Dorian"]
[Result "1-0"]
[WhiteElo "1312"]
[BlackElo "1356"]
[PlyCount "75"]
[EventDate "2017.02.23"]
[EventType "swiss"]
[EventRounds "7"]
[EventCountry "CRO"]
[SourceTitle "EXT 2019"]
[Source "ChessBase"]
[SourceDate "2018.10.10"]
[SourceVersion "1"]
[SourceVersionDate "2018.10.10"]
[SourceQuality "1"]

1. e4 e5 2. Nf3 Nc6 3. Bc4 Bc5 4. d3 d6 5. h3 Nf6 6. Bg5 h6 7. Bh4 0-0 8. a3 a6 9. Nc3 Be6 10. Ba2 Qe7 11. 0-0 Rad8 12. Nd5 Bxd5 13. Bxd5 Nb8 14. Nh2 c6 15. Ba2 Rfe8 16. Ng4 Nbd7 17. Qf3 Bb6 18. Rad1 Rc8 19. c3 Bd8 20. Qf5 b5 21. f4 Qf8 22. fxe5 Nxg4 23. Qxg4 Nxe5 24. Qxc8 Bxh4 25. Qxa6 Bf6 26. Qb6 Qe7 27. Qf2 Rd8 28. Qe2 Rf8 29. d4 Nd7 30. Qc2 g6 31. e5 dxe5 32. Qxg6+ Kh8 33. Qxh6+ Kg8 34. dxe5 Bxe5 35. Rde1 c5 36. Rf5 Bh2+ 37. Kxh2 Qxe1 38. Rg5# 1-0

[Event "Osijek op 10th"]
[Site "Osijek"]
[Date "2017.02.24"]
[Round "4"]
[White "Juric, Matea"]
[Black "Juric, Ester"]
[Result "1/2-1/2"]
[WhiteElo "1312"]
[BlackElo "1455"]
[PlyCount "62"]
[EventDate "2017.02.23"]
[EventType "swiss"]
[EventRounds "7"]
[EventCountry "CRO"]
[SourceTitle "EXT 2019"]
[Source "ChessBase"]
[SourceDate "2018.10.10"]
[SourceVersion "1"]
[SourceVersionDate "2018.10.10"]
[SourceQuality "1"]

1. e4 e5 2. Nf3 Nc6 3. Bc4 Bc5 4. d3 h6 5. 0-0 Nf6 6. Be3 Bb6 7. Nc3 d6 8. h3 0-0 9. Bxb6 axb6 10. Nh2 Be6 11. Bxe6 fxe6 12. f4 exf4 13. Rxf4 e5 14. Rf2 Nh7 15. Qd2 Qg5 16. Qe2 Nd4 17. Qe1 Rae8 18. Rc1 Ne6 19. Nf3 Qe7 20. Rd1 Nhg5 21. Qe3 Nxf3+ 22. Rxf3 Rxf3 23. Qxf3 Qf8 24. Qe2 Nd4 25. Qd2 Qf6 26. Rf1 Qe6 27. a3 Rf8 28. Rxf8+ Kxf8 29. Qf2+ Qf7 30. Qxf7+ Kxf7 31. Nd5 Nxc2 1/2-1/2

[Event "Valpovo op (Women) 19th"]
[Site "Valpovo"]
[Date "2016.12.11"]
[Round "7"]
[White "Maroslavac, Ivana"]
[Black "Juric, Matea"]
[Result "0-1"]
[WhiteElo "1676"]
[BlackElo "1312"]
[PlyCount "47"]
[EventDate "2016.12.09"]
[EventType "swiss (rapid)"]
[EventRounds "7"]
[EventCountry "CRO"]
[SourceTitle "EXT 2019"]
[Source "ChessBase"]
[SourceDate "2018.10.10"]
[SourceVersion "1"]
[SourceVersionDate "2018.10.10"]
[SourceQuality "1"]

1. e4 e5 2. Nf3 Nc6 3. Bb5 d6 4. c3 Bd7 5. 0-0 Nf6 6. Re1 Be7 7. d4 a6 8. Ba4 b5 9. Bb3 Bg4 10. dxe5 Nxe5 11. Nbd2 0-0 12. h3 Bh5 13. Bc2 c6 14. g4 Bg6 15. Nxe5 dxe5 16. Nf3 Qc7 17. Qe2 Rad8 18. Bd2 Rfe8 19. a4 Bc5 20. axb5 axb5 21. Rad1 Qe7 22. Nh4 Nd7 23. Bg5 Qxg5 24. Nxg6 0-1

[Event "Valpovo op (Women) 19th"]
[Site "Valpovo"]
[Date "2016.12.09"]
[Round "2"]
[White "Juric, Matea"]
[Black "Vidovic, Petra"]
[Result "1-0"]
[WhiteElo "1312"]
[BlackElo "1465"]
[PlyCount "61"]
[EventDate "2016.12.09"]
[EventType "swiss (rapid)"]
[EventRounds "7"]
[EventCountry "CRO"]
[SourceTitle "EXT 2019"]
[Source "ChessBase"]
[SourceDate "2018.10.10"]
[SourceVersion "1"]
[SourceVersionDate "2018.10.10"]
[SourceQuality "1"]

1. e4 e5 2. Nf3 Nf6 3. Nc3 Nc6 4. Bc4 Nxe4 5. Nxe4 d5 6. Bxd5 Qxd5 7. Nc3 Qd8 8. Qe2 Bd6 9. d4 Qe7 10. d5 Nb4 11. a3 Na6 12. Ne4 0-0 13. c4 h6 14. b4 b6 15. 0-0 Re8 16. Re1 Bb7 17. Bb2 f6 18. Rac1 Rac8 19. Nh4 Qf8 20. Qg4 Qf7 21. Re3 Rf8 22. Rg3 h5 23. Qf5 Ra8 24. Ng6 Rfd8 25. Qxh5 Qd7 26. Qh8+ Kf7 27. Qh5 Kg8 28. Nxf6+ gxf6 29. Nxe5+ Kf8 30. Qh8+ Ke7 31. Rg7# 1-0

[Event "CRO-ch U17 Girls"]
[Site "Vinkovci"]
[Date "2016.07.30"]
[Round "8"]
[White "Ascic, Judita"]
[Black "Juric, Matea"]
[Result "1-0"]
[WhiteElo "1409"]
[BlackElo "1394"]
[PlyCount "83"]
[EventDate "2016.07.25"]
[EventType "swiss"]
[EventRounds "9"]
[EventCountry "CRO"]
[SourceTitle "CBM 173 Extra"]
[Source "ChessBase"]
[SourceDate "2016.08.29"]
[SourceVersion "1"]
[SourceVersionDate "2016.08.29"]
[SourceQuality "1"]

1. d4 Nf6 2. Bf4 d5 3. e3 b6 4. Nf3 Bb7 5. Be2 g6 6. 0-0 Bg7 7. h3 Nh5 8. Bh2 0-0 9. Nbd2 Nd7 10. c4 e6 11. Rc1 c5 12. cxd5 exd5 13. dxc5 bxc5 14. b3 Rc8 15. Rc2 Re8 16. Re1 Qb6 17. Nb1 Qa5 18. Qd2 Qxd2 19. Nbxd2 d4 20. exd4 cxd4 21. Rxc8 Rxc8 22. Bc4 Bh6 23. Re7 Nc5 24. Rxf7 Kh8 25. Be5+ Ng7 26. Bxd4 Bxf3 27. Nxf3 Ne4 28. Kf1 Nd6 29. Rxa7 Nxc4 30. bxc4 Kg8 31. Bxg7 Bxg7 32. Ra4 Rc5 33. Ke2 Bf8 34. Kd3 Bg7 35. Rb4 Bf8 36. Rb5 Rxb5 37. cxb5 Bc5 38. Nd4 Kf7 39. f3 Ke7 40. Kc4 Kd6 41. a4 Bb6 42. Nb3 1-0

[Event "CRO-ch U17 Girls"]
[Site "Vinkovci"]
[Date "2016.07.28"]
[Round "5"]
[White "Basrak, Tea"]
[Black "Juric, Matea"]
[Result "1/2-1/2"]
[WhiteElo "1553"]
[BlackElo "1394"]
[PlyCount "54"]
[EventDate "2016.07.25"]
[EventType "swiss"]
[EventRounds "9"]
[EventCountry "CRO"]
[SourceTitle "CBM 173 Extra"]
[Source "ChessBase"]
[SourceDate "2016.08.29"]
[SourceVersion "1"]
[SourceVersionDate "2016.08.29"]
[SourceQuality "1"]

1. e4 e5 2. Nf3 Nc6 3. Bc4 d6 4. h3 g6 5. d3 Na5 6. Bb3 Nxb3 7. axb3 Nf6 8. 0-0 Bg7 9. Nc3 0-0 10. Be3 b6 11. Qd2 Ne8 12. Bh6 Qe7 13. Nd5 Qd7 14. Bxg7 Kxg7 15. Nh4 c6 16. Nc3 Qe7 17. Nf3 f5 18. Qg5 Qxg5 19. Nxg5 h6 20. Nf3 fxe4 21. Nxe4 Bxh3 22. Nxe5 dxe5 23. gxh3 Rf7 24. Rae1 Rd8 25. Nc3 Rf5 26. Re3 Nd6 27. Rfe1 Nf7 1/2-1/2

[Event "CRO-ch U17 Girls"]
[Site "Vinkovci"]
[Date "2016.07.27"]
[Round "4"]
[White "Juric, Matea"]
[Black "Purkic, Ruza"]
[Result "0-1"]
[WhiteElo "1394"]
[BlackElo "1589"]
[PlyCount "110"]
[EventDate "2016.07.25"]
[EventType "swiss"]
[EventRounds "9"]
[EventCountry "CRO"]
[SourceTitle "CBM 173 Extra"]
[Source "ChessBase"]
[SourceDate "2016.08.29"]
[SourceVersion "1"]
[SourceVersionDate "2016.08.29"]
[SourceQuality "1"]

1. e4 c5 2. c3 d6 3. d4 cxd4 4. cxd4 Nf6 5. Nc3 g6 6. Nf3 Bg7 7. Be3 0-0 8. Bd3 Nc6 9. 0-0 Bd7 10. Re1 a6 11. a3 b5 12. b4 a5 13. Bxb5 axb4 14. axb4 Rxa1 15. Qxa1 Nxb4 16. Qb2 Bxb5 17. Qxb4 Ba6 18. h3 Qc7 19. Rc1 Rb8 20. Qa4 Bb7 21. Qd1 Qa5 22. Bd2 Qd8 23. Qe2 e6 24. Bg5 Qd7 25. Qe3 Rc8 26. Rd1 h6 27. Bxf6 Bxf6 28. e5 Bg7 29. Ne4 dxe5 30. Ng3 Bxf3 31. Qxf3 exd4 32. Qd3 e5 33. Ne4 Qc6 34. f3 Kh7 35. Qb3 Rc7 36. Qd3 Qd7 37. Nc3 Rxc3 38. Qxc3 Qa4 39. Qd3 Bf6 40. Re1 Qa5 41. Re2 Bg5 42. g3 f5 43. h4 Bf6 44. Qb3 Qa7 45. Qd3 Qc7 46. Kg2 Qd6 47. h5 Bg7 48. g4 fxg4 49. hxg6+ Qxg6 50. Qxg6+ Kxg6 51. Re4 gxf3+ 52. Kxf3 Kf5 53. Rg4 Bf6 54. Re4 Bg5 55. Re2 d3 0-1

[Event "CRO-ch U15 Girls"]
[Site "Trogir"]
[Date "2016.06.21"]
[Round "1"]
[White "Bogdanic, Katarina"]
[Black "Juric, Matea"]
[Result "1-0"]
[WhiteElo "1847"]
[BlackElo "1510"]
[PlyCount "67"]
[EventDate "2016.06.21"]
[EventType "swiss"]
[EventRounds "9"]
[EventCountry "CRO"]
[SourceTitle "EXT 2017"]
[Source "ChessBase"]
[SourceDate "2016.10.25"]
[SourceVersion "1"]
[SourceVersionDate "2016.10.25"]
[SourceQuality "1"]

1. c4 e5 2. g3 Nf6 3. Bg2 d6 4. Nc3 c6 5. d4 Be7 6. e3 Qc7 7. Nge2 a6 8. b3 c5 9. Bb2 Nbd7 10. 0-0 0-0 11. Qd2 Re8 12. Rfe1 Nf8 13. Rad1 Rd8 14. Qc2 Ng6 15. h3 Rb8 16. Kh2 b6 17. dxc5 bxc5 18. Nd5 Nxd5 19. Bxd5 Bb7 20. Nc3 Rf8 21. Qe4 Kh8 22. Qd3 f6 23. f4 Bd8 24. Bxb7 Rxb7 25. Qxd6 Qxd6 26. Rxd6 Rb6 27. Red1 Bc7 28. Rxb6 Bxb6 29. Na4 Ba7 30. Rd7 Ra8 31. Ba3 Nf8 32. Rd6 Bb8 33. Rd8 Kg8 34. Bxc5 1-0